[Event "United Insurance 4th"]
[Site "Dhaka"]
[Date "1999.02.21"]
[Round "3"]
[White "Shulman, Yuri"]
[Black "Ehlvest, Jaan"]
[Result "1-0"]
[WhiteElo "2523"]
[BlackElo "2590"]
[Annotator "Shulman/Kapengut"]
[PlyCount "69"]
[EventDate "1999.02.19"]
[EventType "tourn"]
[EventRounds "13"]
[EventCountry "BAN"]
[EventCategory "10"]
[SourceTitle "CBM 070"]
[Source "ChessBase"]
[SourceDate "1999.06.08"]
[SourceVersion "1"]
[SourceVersionDate "1999.06.08"]
[SourceQuality "1"]

1. d4 {Wells} Nf6 2. c4 e6 3. Nc3 Bb4 4. e3 O-O 5. Nge2 d5 6. a3 Be7 7. cxd5
exd5 ({Wells: 'The variation with 5 Ne2 seems to be one of the principal
beneficiaries of the resurgence of interest in 4e3 Nimzos. To my mind the
first question must be what white has against} 7... Nxd5 $5 {since} 8. g3 (8.
Qc2 Nd7 9. e4 Nxc3 10. Nxc3 c5 11. d5 Nb6 $1 12. dxe6 Bxe6 13. Be2 Bf6 {
[%cal Yf6c3] gave black a comfortable game with good diagonals for his bishops
in Giorgadze - V.Salov, President's Cup 1998. CBM 65 (Psakhis).}) (8. Nxd5 exd5
{is structurally similar to the game, but the exchange of knights certainly
does not harm black's cause.}) 8... Nxc3 $1 9. Nxc3 c5 10. d5 ({I managed to
lose to} 10. dxc5 Qxd1+ 11. Kxd1 Bxc5 12. Bg2 Nd7 (12... Nc6 $5 {is simple and
unpretentious.}) 13. Bd2 Be7 14. Kc2 Rb8 15. Rhd1 b5 16. e4 a5 17. Bf4 Rb7 18.
Bd6 Bxd6 {1-0 Gurevich,M-Wells,P/ Andorra zt 1998 (50) CBM 68 (M.Gurevich).}
19. e5 $1 $14) 10... Bf6 $1 11. Bg2 Bxc3+ 12. bxc3 exd5 13. Qxd5 Qe7 {[%csl
Rc3] Shaked - Kramnik, Tilburg 1997 CBM 61 (Winants) , and black can in my
opinion already aspire to some superiority on the light squares.}) 8. b4 {
Wells: 'Both to hold back potential breaks with c7-c5, and in some cases to
aim at the 'minority attack.' The play closely resembles the Queens Gambit
Exchange variation, with the interesting difference that white is almost
obliged to put his knight on g3 in order to further his development. '} Re8 (
8... b6 $5 {Wells is an interesting attempt to threaten ...c7-c5 and hence
encourage white's knight to a less comfortable square eg.} 9. Nf4 ({The point
is that} 9. Ng3 $5 {can be met by} c5 $1 {when black will be active before
white is fully developed. The question still remains however, what can he make
of this? After} 10. bxc5 bxc5 11. dxc5 Bxc5 12. Be2 Nc6 (12... d4 $6 13. Na4
$14) 13. O-O Rb8 $5 {[%csl Yb2][%cal Gb8b2]} 14. Na4 $1 Bd6 15. Bb2 {white has
successfully brought out his forces and has perhaps chances for a slight edge.}
) 9... c6 10. Bd3 Bd6 $1 {after which white constantly has to reckon with the
exchange on f4} 11. O-O (11. Nfe2 Re8 12. Ng3 (12. O-O Bxh2+ $5 13. Kxh2 Ng4+
14. Kg3 h5 15. Rh1 h4+ 16. Rxh4 Nxf2 {looks promising for black.}) 12... c5 (
12... a5 $5 13. b5 c5) 13. Nb5 Bxg3 14. hxg3 a6 15. Bxh7+ $1 Nxh7 16. Qh5 axb5
17. Qxh7+ Kf8 18. Qh8+ Ke7 19. Qxg7 Rg8 20. Qh7 Nd7 21. dxc5 Nf6 {0-1
Giorgadze,G-Adams,M/Groningen 1997/CBM 63 (43) and white's three pawns are
about sufficient compensation, but not more.}) 11... Ba6 $5 {Another point of .
..b6!} (11... Bxf4 $5 12. exf4 Ba6) 12. b5 Bxb5 13. Nxb5 cxb5 14. Nh5 (14. Bxb5
a6 15. Bd3 Bxf4 16. exf4 Nc6 {should also be fine for black.}) 14... Nxh5 15.
Qxh5 g6 16. Qf3 a6 17. Bb2 {1/2-1/2 Shulman,Y-Zagrebelny,S/Dhaka 1999/CBM
70_07 (17)} (17. g3 Be7) 17... Nc6 18. e4 Rc8 {looks promising for black, who
has a great square on c4 for his knight} 19. exd5 Na5 {[%cal Ya5c4]} (19...
Nxd4 $5 20. Bxd4 (20. Qg4 $5) 20... Qh4)) (8... c6 {Wells} 9. Ng3 b5 (9... Nbd7
$6 10. Nf5 $14) (9... Re8 {-> see below, 8...Re8 9 Ng3 c6}) 10. Bd2 $5 Be6 (
10... a5 11. bxa5 Rxa5 12. a4 $1 b4 $140 13. Na2 {[%csl Rb4]}) 11. a4 $1 Bxb4
12. axb5 Qe7 13. Na4 Nfd7 14. Bxb4 Qxb4+ 15. Qd2 Qd6 16. Bd3 cxb5 17. Bxb5 Nb6
18. Nxb6 Qxb6 19. Qa5 Nd7 20. Bxd7 Bxd7 21. Qxb6 axb6 22. Kd2 $14 {1-0
Nenashev,A-Smagin,S/Pinsk 1986 (80)}) 9. Ng3 Nbd7 (9... c6 {Wells is the main
line.} 10. Bd3 Nbd7 (10... g6 11. O-O Bd6 12. f3 Qc7 13. Nce2 h5 14. e4 $1 h4
15. Bg5 hxg3 16. Bxf6 gxh2+ 17. Kh1 Nd7 18. Bh4 Nf8 19. e5 Be7 20. Be1 Ne6 21.
f4 {[%csl Gf5]} Ng7 22. Ng3 Bf8 23. Ra2 Re6 24. f5 gxf5 25. Nxf5 Rg6 26. g4 $1
{[%cal Ya2h2,Yh2h8]} a5 27. Rxh2 Ne8 28. Qf3 Bg7 29. Qh3 Kf8 30. Bd2 {1-0
Reshevsky,S-Jimenez/Havana 1952 (30)}) (10... b5 $5 {[%csl Yc4][%cal Gb8d7,
Gd7b6,Gb6c4,Ga7a5]})) 10. Bd3 g6 11. O-O Nf8 12. b5 {Wells: 'I remember when I
was still quite young and promising once wondering quite what the 'minority
attack' was aimed at in the event that black avoided creating the obvious
target by playing c7-c6. Playing the black side of these positions, it pretty
soon becomes clear that keeping the c7 pawn at home leaves d5 rather weak, and
ties down the black pieces. This in the end is what happens here, although in
the mean time black manages to exploit the position of the knight on g3 to
create what might have been enough counterplay to hold the balance.'} Ne6 13.
a4 h5 14. h3 {'!' Wells.} (14. Qc2 $6 {Wells} h4 15. Nge2 h3 $132) 14... Bf8
15. Qc2 $1 $146 {[%cal Gc1e3][%mdl 8] My opponent repited moves from my
previous game in this line, but homework didn't lose in the vain, I found good
intensification 15.Qc2! White understood that black bishop is going to escape
exchange, so no reason to go on "a3", it could be an opponent on another
diagonal: "c1-h6", also bishop still taking control on the impotant
"e3"-square, where in above mentioned game black managed to sucrifice knight.
Perhaps "d2" is best square for the bishop after 15...Bh6} (15. Ba3 Bh6 {
[%cal Gh6e3]} 16. Qc2 h4 17. Nge2 Ng7 18. Na2 Bf5 19. Nb4 Bxd3 20. Nxd3 Nf5 21.
a5 Ne4 22. Nc3 (22. Ne5 $1 {[%csl Rf7]} Nxe3 $140 $6 23. fxe3 Bxe3+ 24. Kh2
Bxd4 25. Nxf7 $18) 22... Nxe3 23. fxe3 Bxe3+ 24. Kh2 Bxd4 25. Nxe4 Bxa1 {
Shulman,Y-Moldobaev,E/33rd Chess Olympiad 1998} 26. Nc3 $44) 15... Ng7 {
After long thinking Jan refused from the 15...Bh6, so what was a reason to
play 14...Bf8?} (15... Bh6 16. a5 h4 (16... Ng7 17. Bxg6 {[%csl Rh6]} fxg6 (
17... h4 18. Nf5) 18. Qxg6 Re6 19. Nf5 $18) 17. Nge2 Ng7 18. Na2 $5 Bf5 19. Nb4
Bxd3 20. Nxd3 $14 {[%cal Gd3e5,Gd3c5,Gd3b4,Gd3f4]}) 16. Ba3 Bxa3 17. Rxa3 h4
18. Nge2 Nfh5 {'!' Wells.} (18... Bf5 19. Nf4 $14 {[%csl Rc7,Rd5]}) ({Wells:
Better than the 'natural' looking} 18... Bf5 {Black needs to attack, not to
exchange, however positionally desirable trading light-squared bishops may
superficially appear. The text move is designed to prevent Nf4, and also to
prepare to transfer the black queen to the king-side. White finds a surprising
way to attack d5, but black appears to have sufficient counterplay to draw.
Unfortunately, he tries for more, and this the position cannot stand.}) 19. Na2
{[%cal Ga2b4,Ga3e3] I like this knight-manevre. Knight is going to attack from
"b4"-square "d5"-pawn, also after a4-a5-a6, it could come to c6, and if black
would change white-square bishops on d3, it could come to e5 or c5 to support
white attacking chances on Q-side. '!?' Wells.} Qg5 {[%cal Gc8h3]} (19... Ne6
20. Rc1 $1 $36 {[%csl Rc7]} (20. Rc3 Ng5 $132)) (19... Bf5 20. Nb4 {[%csl Rc7,
Rd5]}) 20. Kh1 (20. Qxc7 Bxh3 21. Qh2 Bf5 $132) 20... Qf6 {[%mdl 64]} 21. Kg1 (
21. Nb4 {[%csl Rf1]} Rxe3 $5 22. Kg1 (22. Nxd5 $140 $2 Rxh3+ 23. gxh3 Qf3+ 24.
Kg1 Bxh3 25. Ne3 Re8 $19 {[%csl Rg2]}) 22... Rxh3 $1 (22... Rxe2 $6 23. Bxe2
Qxd4 24. Qc3 $16) 23. Rc3 (23. gxh3 $140 $2 Bxh3 $19) (23. Nxd5 Qd6 24. gxh3 (
24. Qxc7 Qxa3 25. Ne7+ Qxe7 26. Qxe7 Rxd3 $19) 24... Qxa3 25. Nxc7 Rb8 $17)
23... Qg5 24. f4 Qg4 25. Nxd5 Rg3 $1 $40 {[%csl Rg2,Rh2]}) (21. Qc1 $1 {
[%cal Gc1e3,Gc1f1,Gc1a3,Gc1c7]} Bf5 (21... Ne6 22. Nb4 $16) 22. Qxc7 Re7 23.
Qh2 $16) (21. Qxc7 {Wells} Rxe3 22. fxe3 (22. Nb4 $5 Bxh3 23. Nxd5 Bxg2+ 24.
Kg1 $1 (24. Kxg2 Qf3+ 25. Kg1 Rxd3 $17) 24... Bxd5 25. fxe3 Qg5+ $13) 22...
Qxf1+ 23. Kh2 Bf5 $1 {[%csl Re2][%cal Yh5g3]}) 21... Ne6 $6 {I don't know by
whicn reason my opponent refused from the repetition, maybe Black would not
like to make a draw also, but anyway I wasn't going to go back with my king.
As mentioned above, White had a very strong Queen retreat 21...Qg5 22.Qc1
Wells: 'Too optimistic!'} (21... Qg5 $1 $11 {Wells}) 22. Nb4 {[%csl Rc7,Rd5]
Of cause, very unpleasant to retreat with Queen on "d8", but we think that it
could prolonge fighting, but it was a recognition that Black choosed wrong
plan.} Ng5 23. f4 (23. Nxd5 $140 $6 Nxh3+ 24. Kh1 Nxf2+ 25. Kg1 Nh3+ $11) (23.
Qxc7 $5 {Wells} Nxh3+ 24. Kh2 (24. gxh3 Bxh3 $17) 24... Qe6 $1 (24... Nxf2 $2
25. Kg1 $1) 25. e4 $1 $14) 23... Nxh3+ {[%mdl 1024]} 24. gxh3 Bxh3 25. Rf2 Rad8
(25... Qe7 {Wells} 26. Qc5 $1) 26. Qd2 $16 Qe6 27. Nc2 {White almost has
consolidated his position: pawn e3 under reliable control of "c2-knight, but
White just have to transfer rook from a3 to King's side and Black won't have
any compensation for sucrificed piece.} (27. Kh2 {was also winning:} Qxe3 28.
Qxe3 Rxe3 29. Nc2 Rg3 30. Nxg3 hxg3+ 31. Kxh3 gxf2 32. Kg4 $18) 27... Qg4+ $2 (
27... Ng3 $5 {was more resistable, but, in any case Black could not decide all
their problems.} 28. Nxg3 (28. Ra1 Qg4 29. Kh2 Nxe2 30. Qxe2 Qg3+ 31. Kh1 Bg4
32. Qf1 h3 33. f5 $1 {[%csl Rg6]} g5 34. Be2 $16 {[%csl Rg4]}) 28... hxg3 29.
Rf3 Qg4 30. Ne1 (30. Be2 Qh4 31. e4 Bg4 32. Rxg3 Bxe2 33. Qxe2 Rxe4 34. Qg4
Rxf4 35. Qxh4 Rxh4 36. Rac3 $14) 30... Kg7 31. f5 $1 Rh8 32. f6+ Kg8 33. Rc3
$16 {[%csl Rc7]}) 28. Kh2 Re7 {Wells: 'Too slow, but if '} (28... Ng3 29. Ng1 {
[%csl Rh3]} Ne4 30. Bxe4 Qg3+ 31. Kh1 dxe4 32. Nxh3 Qxh3+ 33. Kg1 $16 {Wells:
'and white should consolidate.'}) 29. Ra1 Qd7 30. f5 $1 $18 {[%csl Rh3]} Bxf5
31. Bxf5 gxf5 32. Rg1+ Kh7 33. e4 {'!' Wells.} Rxe4 34. Qg5 Qd6+ 35. Nf4 1-0

[Event "Olympiad-35"]
[Site "Bled"]
[Date "2002.10.27"]
[Round "2.1"]
[White "Simutowe, Amon"]
[Black "Vescovi, Giovanni P"]
[Result "1/2-1/2"]
[WhiteElo "2383"]
[BlackElo "2614"]
[Annotator "Simutowe,A"]
[PlyCount "63"]
[EventDate "2002.10.26"]
[EventType "team-swiss"]
[EventRounds "14"]
[EventCountry "SLO"]
[SourceTitle "EXT 2003"]
[Source "ChessBase"]
[SourceDate "2002.11.25"]
[SourceVersion "1"]
[SourceVersionDate "2002.11.25"]
[SourceQuality "1"]
[WhiteTeam "Zambia"]
[BlackTeam "Brazil"]
[WhiteTeamCountry "ZAM"]
[BlackTeamCountry "BRA"]

1. d4 Nf6 2. c4 e6 3. Nc3 Bb4 4. e3 O-O 5. Nge2 d5 6. a3 Be7 7. cxd5 exd5 8. g3
Nbd7 9. Bg2 Nb6 $1 {Diagram # A very well researched idea. White has to be
very careful in this position. Usually, in this variation White continues by
playing f3 followed by e4 or g4 at the right moment usettling the Knight on ..
f6 and activating his pieces but this move stops everything as f3 will simply
be met by ..c5!.} 10. O-O Re8 11. h3 (11. Nf4 a5 12. a4 c6 13. Nd3 Bd6 14. b3 {
Diagram # With the idea of f3 followed by Nf2 is playable in this position.}) (
11. Kh1 {is better}) 11... Bd6 12. b3 c6 13. Qc2 {Diagram #} (13. a4 {Is also
playable with the idea of swaping the dormant Bishop on c1 with the active
bishop on d6.} a5 14. Ba3) 13... Bd7 14. a4 a5 {Black has no problems.} 15. Qa2
{Diagram #} (15. Ba3 {The immediate Ba3 was better than Qa2 according to
Vescovi}) (15. g4 {Falls to} Bxg4 16. hxg4 Nxg4 17. f3 Qh4 $1 18. fxg4 $4 (18.
Rd1 Bh2+ 19. Kh1 (19. Kf1 Qf2#) 19... Nf2#) 18... Bh2+ 19. Kh1 Bg3+ 20. Kg1
Qh2#) 15... Nc8 16. Ba3 Bc7 17. Qd2 {Diagram # This looks horrible but I
played under time pressure} Nd6 18. Rac1 Nde4 19. Qb2 Qc8 20. h4 {The only
move though it also makes Black,s position more comfortable} (20. Kh2 {
Guarantes Black a point after} h5) 20... Bh3 21. Nxe4 Rxe4 22. Rfe1 $8 (22. Nc3
$2 Rxh4 $1 23. gxh4 Bxg2 24. Kxg2 (24. Rfe1 Bf3 25. Ne2 Qh3) 24... Qg4+ 25. Kh1
Qh3+ 26. Kg1 Bh2+ 27. Kh1 Bg3+ 28. Kg1 Qh2#) 22... Qf5 23. Qc2 Rae8 24. Nc3
R4e6 25. Qxf5 {White,s problems are finally over} Bxf5 26. Nxd5 $1 {Diagram #}
Nxd5 27. Bxd5 $14 cxd5 28. Rxc7 Rb6 29. Rc3 Be4 30. Rec1 h5 31. Kf1 Bf3 32. Ke1
{The weakness on b3 and the different coloured Bishops denied White a point.}
1/2-1/2

[Event "Gausdal Eikrem Memorial"]
[Site "Gausdal"]
[Date "1996.??.??"]
[Round "4"]
[White "Petursson, Margeir"]
[Black "Olafsson, Helgi"]
[Result "1-0"]
[WhiteElo "2570"]
[BlackElo "2500"]
[Annotator "Tisdall,J"]
[PlyCount "79"]
[EventDate "1996.08.??"]
[EventType "swiss"]
[EventRounds "9"]
[EventCountry "NOR"]
[SourceTitle "CBM 054 Extra"]
[Source "ChessBase"]
[SourceDate "1996.11.01"]
[SourceVersion "1"]
[SourceVersionDate "1996.11.01"]
[SourceQuality "1"]

{One of many grudge matches in the course of the event. Margeir's bitter
determination allowed him to avenge a loss in the Icelandic championship to
Helgi here, and later in the event he clinched a high spot by wearing down
Stefansson, who upset him in the Reykjavik Open.} 1. d4 Nf6 2. c4 e6 3. Nc3 Bb4
4. e3 O-O 5. Nge2 d5 6. a3 Be7 7. Nf4 c6 8. Bd3 Nbd7 9. cxd5 Nxd5 10. e4 Nxf4 (
10... Nxc3 11. bxc3 e5 12. Ne2 {led to a slight white advantage in Shirov,
A-Loginov,V/Moscow (ol) 1994 (1-0, 37).}) 11. Bxf4 e5 $5 {According to my
databases this is a novelty, and probably a good one. An earlier game in this
line featured Petursson on the other side of the board:} (11... c5 12. d5 Nb6
13. O-O exd5 14. exd5 Bf6 15. Qh5 g6 16. Qf3 Bxc3 17. bxc3 Qxd5 18. Be4 Qe6 19.
Rae1 {and white had a nagging initiative in Lautier,J-Petursson,M/Moscow
GMA-op (02) 1989 (1/2-1/2, 48).}) 12. dxe5 (12. Bxe5 $2 Nxe5 13. dxe5 Qd4 {
favors black.}) 12... Qc7 13. Bg3 Nxe5 14. Be2 {It seems that black has
already equalized comfortably to me, and the players seemed to agree. But
black must take care that white's eventual expansion with f4 does not cause
some chaos in his ranks. However, since this proves to be surprisingly hard to
solve, white's position may be better than it looks.} Bc5 (14... f5 $5 15. Nd5
$5 Qd6 16. Nxe7+ Qxe7 17. exf5 Bxf5 18. Qb3+ Kh8 19. O-O {and white's bishop
pair should grant him a slight advantage.}) (14... Be6 $5 {is the most
determined attempt to put black's pieces where he wants them. Does the white
center roll him away?} 15. O-O (15. f4 $6 {is the attempt at refutation, but
it looks too risky:} Rad8 16. Qc2 Nc4 17. f5 Ne3 (17... Bh4 $5) 18. Qc1 (18.
Bxc7 Nxc2+ 19. Kf2 {can only favor black.}) 18... Qb6 19. fxe6 fxe6 20. Bf3 Bg5
{and white's position is in ruins.}) 15... Rad8 16. Qc2 {leads to a
double-edged position.}) 15. O-O Qe7 16. Na4 $1 {This seems an odd place for
the knight but perhaps white feared black's activity after the more natural} (
16. Qc2 f5 {. The strength of Petursson's sidestep to a4 becomes more evident
as the game progresses, when one of black's greatest regrets is that he has
had to use his f-rook on d8.}) 16... Rd8 17. Qc2 Bd4 18. Rad1 b6 19. Nc3 Bb7
20. Kh1 c5 21. f4 Ng6 22. e5 Nh4 23. Bxh4 Qxh4 24. Bc4 $1 {A very annoying
position for black. He has played terribly logically and sensibly, developing
in the most active way. He has maintained a small initiative but white's only
trump, the possibility of e5-e6, seems destined to swing the balance gently in
his favor. Inferior were:} (24. Nb5 $6 Be3) (24. Bf3 $6 Bxf3 25. Rxf3 Bxc3 26.
bxc3 Rxd1+ 27. Qxd1 Rd8 {with initiative to black.}) 24... Bxc3 {A sad
concession, surrendering the pride of his position for small structural gains.}
(24... a6 25. Qb3 Qh3 26. Bxf7+ Kf8 27. Rd2 $1 Bxc3 28. Be6 $1) (24... Qg4 25.
Nb5 {and the incursion to d6 is rather inconvenient for black. Note that if
the other rook were on d8, black could reply ...Bf2! here.}) 25. bxc3 Rxd1 26.
Qxd1 Rd8 27. Qe2 h5 (27... Bd5 28. Bxd5 Rxd5 29. e6 Qe7 30. f5 {is very
pleasant for white, but probably black's best method of defence now.}) 28. e6
Qg4 29. e7 $1 (29. exf7+ Kf8 30. Qxg4 hxg4 31. Re1 Bc6 {with counterplay
coming thanks to ...Rd2 and ...Bd5.} (31... Bd5 $4 32. Re8+)) 29... Re8 30.
Qxg4 hxg4 31. Re1 Bc6 32. f5 b5 33. Bb3 a5 (33... c4 34. Bd1) 34. Kg1 $1 {
Black is helpless against the march of the white king.} b4 35. cxb4 cxb4 36.
axb4 axb4 37. Kf2 Bd7 38. Kg3 Bc6 39. Kxg4 Ra8 40. Rd1 1-0